| 000 -CABECERA |
| Longitud fija campo de control |
01009nam a22002297a 4500 |
| 003 - IDENTIFICADOR DEL NÚMERO DE CONTROL |
| Identificador del número de control |
OSt |
| 005 - FECHA Y HORA DE LA ÚLTIMA TRANSACCIÓN |
| Fecha y hora de la última transacción |
20210921182427.0 |
| 008 - CÓDIGOS DE INFORMACIÓN DE LONGITUD FIJA |
| Códigos de información de longitud fija |
210921b ||||| |||| 00| 0 eng d |
| 020 ## - NÚMERO INTERNACIONAL NORMALIZADO PARA LIBROS |
| Número Internacional Normalizado para Libros (ISBN) |
9788409284344 |
| Qualifying information |
(obra completa) |
| 020 ## - NÚMERO INTERNACIONAL NORMALIZADO PARA LIBROS |
| Número Internacional Normalizado para Libros (ISBN) |
9788409284351 |
| Qualifying information |
(volum 1) |
| 020 ## - NÚMERO INTERNACIONAL NORMALIZADO PARA LIBROS |
| Número Internacional Normalizado para Libros (ISBN) |
9788409284368 |
| Qualifying information |
(volum 2) |
| 040 ## - FUENTE DE LA CATALOGACIÓN |
| Centro catalogador de origen |
CDMR |
| Lengua de catalogación |
cat |
| Centro transcriptor |
c |
| 245 ## - MENCIÓN DE TÍTULO |
| Título |
Història de la publicitat de Catalunya / |
| Mención de responsabilidad, etc. |
directora editorial de l'obra: Carolina Serra ; director científic del volum 1: Lluís Costa ; director científic del volum 2: José Ángel Abancéns |
| 260 ## - PUBLICACIÓN, DISTRIBUCIÓN, ETC. (PIE DE IMPRENTA) |
| Lugar de publicación, distribución, etc. |
Barcelona |
| Nombre del editor, distribuidor, etc. |
Sàpiens |
| Fecha de publicación, distribución, etc. |
2021 |
| 300 ## - DESCRIPCIÓN FÍSICA |
| Extensión |
2 volums (319, 315 pàgines) : il·lustracions en color |
| Dimensiones |
31 cm |
| 505 ## - NOTA DE CONTENIDO CON FORMATO |
| Nota de contenido con formato |
Conté: V.1: L'art de fer anuncis: dels inicis a la dictadura franquista -- V.2: El consum de masses: el camí de la televisió a internet |
| 650 #0 - PUNTO DE ACCESO ADICIONAL DE MATERIA - TÉRMINO DE MATERIA |
| 9 (RLIN) |
875 |
| Término de materia o nombre geográfico como elemento inicial |
Publicitat |
| Subdivisión de materia general |
Història |
| Subdivisión geográfica |
Catalunya |
| 700 1# - PUNTO DE ACCESO ADICIONAL - NOMBRE DE PERSONA |
| 9 (RLIN) |
647 |
| Nombre de persona |
Costa i Fernández, Lluís |
| 700 ## - PUNTO DE ACCESO ADICIONAL - NOMBRE DE PERSONA |
| 9 (RLIN) |
4665 |
| Nombre de persona |
Serra, Carolina |
| 700 ## - PUNTO DE ACCESO ADICIONAL - NOMBRE DE PERSONA |
| 9 (RLIN) |
4666 |
| Nombre de persona |
Abancéns, José Ángel |
| 942 ## - ENTRADA DE ELEMENTOS AGREGADOS (KOHA) |
| Fuente de clasificaión o esquema |
|
| Koha [por defecto] tipo de item |
Monografies |